| 000 -LEADER |
| fixed length control field |
00547nam a22001817a 4500 |
| 005 - DATE AND TIME OF LATEST TRANSACTION |
| control field |
20220714133645.0 |
| 008 - FIXED-LENGTH DATA ELEMENTS--GENERAL INFORMATION |
| fixed length control field |
220714s2020en xxu||||| |||| 00| 0 eng d |
| 020 ## - INTERNATIONAL STANDARD BOOK NUMBER |
| International Standard Book Number |
9781729460757 |
| 080 ## - UNIVERSAL DECIMAL CLASSIFICATION NUMBER |
| Universal Decimal Classification number |
657.15 W-21 |
| 100 ## - MAIN ENTRY--PERSONAL NAME |
| Personal name |
Walther, Larry M. |
| 9 (RLIN) |
14409 |
| 245 ## - TITLE STATEMENT |
| Title |
Financial Accounting Workbook / |
| Statement of responsibility, etc. |
Larry M. Walther |
| 250 ## - EDITION STATEMENT |
| Edition statement |
2020 Edition |
| 264 ## - PRODUCTION, PUBLICATION, DISTRIBUTION, MANUFACTURE, AND COPYRIGHT NOTICE |
| Place of production, publication, distribution, manufacture |
USA, |
| Date of production, publication, distribution, manufacture, or copyright notice |
2020. |
| 653 ## - INDEX TERM--UNCONTROLLED |
| keyword |
Financial Accounting Workbook |
| 653 ## - INDEX TERM--UNCONTROLLED |
| keyword |
ფინანსური აღრიცხვა |
| 653 ## - INDEX TERM--UNCONTROLLED |
| keyword |
ბუღალტერია |
| 942 ## - ADDED ENTRY ELEMENTS (KOHA) |
| Source of classification or shelving scheme |
|
| Koha item type |
წიგნი |